Countries with No Budget Deficit - Statistics

General Stats
  • This quiz has been taken 97 times
  • The average score is 8 of 17
Answer Stats
# Surplus as % of GDP Answer % Correct
7 2.9 Norway
79%
11 0.7 Singapore
73%
2 12.5 Iceland
72%
15 0.3 New Zealand
69%
14 0.4 Switzerland
67%
8 2.1 Liechtenstein
66%
12 0.6 Germany
54%
4 8.8 Palau
36%
1 31.9 Tuvalu
36%
5 6.7 Federated States of Micronesia
34%
3 10.8 Kiribati
34%
10 1.5 Marshall Islands
34%
17 0.0 Tonga
34%
8 2.1 Seychelles
33%
6 3.9 St. Kitts and Nevis
31%
16 0.0 Dominica
19%
12 0.6 Belarus
8%
No matching quizzes found
Score Distribution
Percent of People with Each Score
Percentile by Number Answered
Your Score History
You have not taken this quiz